000 00797nam a22001937a 4500
005 20240424145251.0
010 _aHIN-127319
020 _a9789392607257
_c350.00
035 _aHN-99665
037 _bDBAD
082 _a
100 _aराजकुमारी
_965096
245 _aद डाकेस्ट डेस्टिनी/
_cराजकुमारी
250 _a1
260 _aराजस्थान
_bदेवसाक्षी पब्लिकेशन
_c2024
270 _aदेवकुंज वार्ड नंबर-11 नजदीक पुरानी मस्जिद हनुमानगढ़
_bराजस्थान
_e335524
300 _a195पृ;
_c22 सेमी (अजिल्द)
942 _adpl
_cHN
_2ddc
_h
_mराजकु
999 _c202084
_d202084